Formacion ética y ciudadana 9 /
Guardado en:
| Autor Principal: | |
|---|---|
| Formato: | Libro |
| Publicado: |
Buenos Aires :
Kapelusz,
1999
|
| Series: | Entre todos
|
| Materias: | |
| Etiquetas: |
Agregar Etiqueta
Sin Etiquetas, Sea el primero en etiquetar este registro!
|
| LEADER | 01416nam a22003135a 4500 | ||
|---|---|---|---|
| 001 | CEM.cems010957 | ||
| 005 | 20080228102815.0 | ||
| 008 | 130507s1999##################000#0#####d | ||
| 003 | CEMS | ||
| 020 | |a 9501308308 | ||
| 082 | 0 | 4 | |a Z320 |
| 100 | 1 | |a Fernández de Salvino, Alicia L. | |
| 245 | 1 | 0 | |a Formacion ética y ciudadana 9 / |c Alicia L. Fernández de Salvino |
| 260 | |a Buenos Aires : |b Kapelusz, |c 1999 | ||
| 300 | |a 174 p. | ||
| 490 | 0 | |a Entre todos | |
| 500 | |a Para 9°año Egb | ||
| 505 | 0 | |a El hombre y la cultura -- ¿Cuáles son los valores de la democracia argentina? -- Qué formas adquiere el sufragio en la democracia -- ¿Cómo nació la Constitución Nacional? -- ¿Cómo es el Estado federal? -- ¿Cuáles son nuestros derechos constitucionales? -- ¿Se puede cambiar la Constitución Nacional? -- ¿Estuvo siempre en vigencia la Constitución Nacional? | |
| 653 | |a Formación ética y ciudadana-9º egb | ||
| 653 | |a Formación ética y ciudadana | ||
| 653 | |a Cultura | ||
| 653 | |a Valores | ||
| 653 | |a Democracia | ||
| 653 | |a Constitución | ||
| 653 | |a Estado | ||
| 859 | |a CEMS |b BIB. CEMS - 11 de abril |h Z320 |i F391 |p 21746.02 |t Ej.1 |v 9º |3 9º | ||
| 859 | |a CEMS |b BIB. CEMS - 11 de abril |h Z320 |i F391 |p 21747.02 |t Ej.2 |v 9º |3 9º | ||
| 859 | |a CEMS |b BIB. CEMS - 11 de abril |h Z320 |i F391 |p 21748.02 |t Ej.3 |v 9º |3 9º | ||
| 859 | |a CEMS |b BIB. CEMS - 11 de abril |h Z320 |i F391 |p 22060.03 |t Ej.4 |v 9º |3 9º | ||
